Correctly Spelled Countries - Sudden Death #2 - Statistics

General Stats
  • This quiz has been taken 129 times
  • The average score is 9 of 15
Answers on the Grid
Answers color-coded by a green-red scale on the quiz's grid according to % correct below.
Cyrus
Tailand
France
Germeny
Argentina
F. S. Micronesia
Isreal
Indonesia
Butan
Kyrgyzstan
Kazakhstan
Afganistan
Djbouti
Randa
Saudia Arabia
Oman
Trinidad and Tobago
Vanuatu
Marshal Islands
Bahamas
São Tomé and Príncipe
Equatorial Guinea
Australia
Ukrain
Rowmania
Philipines
Panama
Guinea
Central African Repubic
Loas
 
Answer Stats
Answer % Correct
Bahamas
64%
Oman
64%
France
63%
Indonesia
61%
Guinea
60%
Panama
60%
Argentina
59%
Australia
59%
Kazakhstan
59%
São Tomé and Príncipe
53%
Equatorial Guinea
52%
Vanuatu
52%
Kyrgyzstan
51%
Trinidad and Tobago
51%
F. S. Micronesia
48%
No matching quizzes found
Score Distribution
Percent of People with Each Score
Percentile by Number Answered
Your Score History
You have not taken this quiz